000 00700nam a2200217Ia 4500
001 9617
003 GE_BSU
008 181216s||||||||xx |||||||||||||| ||und||
040 _cGE_BSU
080 _a821.353.1-32
100 _aმრევლიშვილი,მიხეილ
245 _aმოთხრობები
245 _cრედ:ზ.ჭუმბურიძე;წიგნის გაფორმება გ.ნადირაძისა.
260 _aთბილისი.
260 _bსახელგამი
260 _c1953
300 _a227გვ;21სმ
300 _bპორტრეტი.
653 _aმოთხრობები
942 _cBK
999 _c42901
_d42901